<A> reform kudarca.

Príčiny neúspechu ekonomickej reformy v Maďarsku a ďalších východoeurópskych štátoch v období socialistickej výstavby. Maďarský model ekonomickej reformy, ktorý v r. 1968-1982 mal znížiť váhu ústredného plánovania a podporiť drobné podnikanie. Prevážne politický neúspech tejto reformy priniesol i zm...

Descrizione completa

Salvato in:
Dettagli Bibliografici
Autore principale: Hoch, R.
Natura: Capitolo di libro
Lingua:ungherese
Soggetti:
Tags: Aggiungi Tag
Nessun Tag, puoi essere il primo ad aggiungerne!!

MARC

LEADER 00000naa a2200000 4500
001 r006001
005 20221125113747.5
041 0 |a hun 
044 |a HU 
245 1 0 |a <A> reform kudarca.  |c R. Hoch 
520 |a Príčiny neúspechu ekonomickej reformy v Maďarsku a ďalších východoeurópskych štátoch v období socialistickej výstavby. Maďarský model ekonomickej reformy, ktorý v r. 1968-1982 mal znížiť váhu ústredného plánovania a podporiť drobné podnikanie. Prevážne politický neúspech tejto reformy priniesol i zmenu ekonomického systému. Súčasné problémy prebudovania zrušeného RVHP pre potreby oživenia trhu medzi východeurópskymi štátmi. Pozostatky centrálneho riadenia ekonomiky, prevzatie švédskeho modelu. 
610 2 0 |a reformy hospodárske 
610 2 0 |a MR 
610 2 0 |a východná Európa 
610 2 0 |a 1968-1982 
610 2 0 |a plánovanie centrálne 
610 2 0 |a podnikanie 
610 2 0 |a podnik malý 
100 1 |a Hoch, R.